Szczecin - linia tramwajowa nr 1 - Statystyki

Ogólne statystyki
  • Ten quiz został rozwiązany 42 razy
  • Średni wynik to 15 z 19
Statystyki odpowiedzi
Nr Nazwa przystanku % Poprawnych
19 Potulicka
97%
1 Osiedle Zawadzkiego
90%
13 Plac Rodła
90%
16 Brama Portowa
86%
15 Plac Żołnierza Polskiego
86%
14 Filharmonia
83%
12 Plac Grunwaldzki
83%
17 Plac Zawiszy
79%
4 Rondo Olszewskiego
79%
7 Łękno
76%
18 Sowińskiego
76%
2 Szafera
76%
3 Arena Szczecin
72%
11 Plac Szarych Szeregów
72%
9 Piotra Skargi
69%
10 Felczaka
66%
5 Zajezdnia Pogodno
66%
8 Bogumiły
62%
6 Unii Lubelskiej
62%
Nie znaleziono quizów pasujących do podanych kryteriów
Rozkład punktacji
Procent ludzi z każdym wynikiem
Percentyl według liczby udzielonych odpowiedzi
Twoja historia wyników
Nie rozwiązałeś tego quizu